000 00692nam a2200217Ia 4500
003 IN-BaIIA
008 211028s9999 xx s 000 0 eng d
020 _a978-2-7598-0608-9 (Online)
022 _a1633-4760 (Print)
022 _a1638-1963 (Online)
040 _cIIA Library
100 _aTuron, C., ed.
_938208
245 0 _aGAIA: At the Frontiers of Astrometry
_h[eBook]
260 _aFrance
_bEDP Sciences
_c2010
300 _avi, 452p.
490 _aEAS Publications Series
700 _aArenou, F.
_938209
700 _aMeynadier, F.
_938210
856 _uhttps://www.eas-journal.org/articles/eas/abs/2010/06/contents/contents.html
_yClick Here to Access eBook
942 _cEB
999 _c20639
_d20639